ARRUPE JESUIT UNIVERSITY

CORONAVIRUS -STOP THE SPREAD - CLEAN,DISINFECT,COVER

African nature notes and reminiscences / (Record no. 125353)

MARC details
000 -LEADER
fixed length control field 01304pam a2200325 a 4500
001 - CONTROL NUMBER
control field 633865
003 - CONTROL NUMBER IDENTIFIER
control field ARRUPE
005 - DATE AND TIME OF LATEST TRANSACTION
control field 20160928163647.0
008 - FIXED-LENGTH DATA ELEMENTS--GENERAL INFORMATION
fixed length control field 930223r19931908nyua 001 0aeng
010 ## - LIBRARY OF CONGRESS CONTROL NUMBER
LC control number 93012548
020 ## - INTERNATIONAL STANDARD BOOK NUMBER
International Standard Book Number 0312092415 :
Terms of availability $22.95 ($29.99 Can.)
040 ## - CATALOGING SOURCE
Original cataloging agency DLC
Transcribing agency DLC
Modifying agency DLC
043 ## - GEOGRAPHIC AREA CODE
Geographic area code f-sa---
050 00 - LIBRARY OF CONGRESS CALL NUMBER
Classification number SK251.S44
082 00 - DEWEY DECIMAL CLASSIFICATION NUMBER
Classification number 508.968
Edition number 20
300 ## - PHYSICAL DESCRIPTION
Other physical details ill. ;
Dimensions 22 cm.
100 1# - MAIN ENTRY--PERSONAL NAME
Personal name Selous, Frederick Courteney,
Dates associated with a name 1851-1917.
9 (RLIN) 21828
245 10 - TITLE STATEMENT
Title African nature notes and reminiscences /
Statement of responsibility, etc Frederick Courteney Selous ; with a "foreword" by President Roosevelt ; and illustrations by E. Caldwell ; introduction by Mike Resnick.
250 ## - EDITION STATEMENT
Edition statement 1st ed.
260 ## - PUBLICATION, DISTRIBUTION, ETC. (IMPRINT)
Place of publication, distribution, etc Salisbury
Name of publisher, distributor, etc The Pioneer Head
Date of publication, distribution, etc 1969
300 ## - PHYSICAL DESCRIPTION
Extent xxx, 356 p. :
440 #4 - SERIES STATEMENT/ADDED ENTRY--TITLE
Title The Library of African adventure
9 (RLIN) 26208
500 ## - GENERAL NOTE
General note Originally published: London : Macmillan, 1908.
500 ## - GENERAL NOTE
General note Includes index.
650 #0 - SUBJECT ADDED ENTRY--TOPICAL TERM
Topical term or geographic name as entry element Hunting
Geographic subdivision South Africa
9 (RLIN) 13079
650 #0 - SUBJECT ADDED ENTRY--TOPICAL TERM
Topical term or geographic name as entry element Africa, South
General subdivision Description and travel
9 (RLIN) 26209
650 #0 - SUBJECT ADDED ENTRY--TOPICAL TERM
Topical term or geographic name as entry element Animals, Habits and behavior of
9 (RLIN) 26210
906 ## - LOCAL DATA ELEMENT F, LDF (RLIN)
a 7
b cbc
c orignew
d 1
e ocip
f 19
g y-gencatlg
942 ## - ADDED ENTRY ELEMENTS (KOHA)
Source of classification or shelving scheme Library of Congress Classification
Koha item type Monograph ( Printed materials)
Holdings
Withdrawn status Lost status Source of classification or shelving scheme Damaged status Not for loan Collection code Home library Current library Shelving location Date acquired Total Checkouts Full call number Barcode Date last seen Price effective from Koha item type
    Library of Congress Classification     Main Collection ARRUPE LIBRARY ARRUPE LIBRARY Main Collection 27/09/2016   SK251.S44 46500010044 11/09/2019 27/09/2016 Monograph ( Printed materials)

 

Arrupe Library. PO Box MP320 Mt Pleasant, Harare, Zimbabwe
263 242 745411|librarian@aju.ac.zw